000 00707cab a2200229 4500
001 WB3346-13
008 090401t1997 xxu||||| |||| 00| 0 eng d
035 _a(Sirsi) u82354
041 _aeng
245 _aSafeguarding historic churches
260 _c1997
350 _a0
490 _aDCMS News Release@
_vDCMS 127/97, 20 November 1997, (3)
520 _aAn independent review into the ecclesiastical exemption from listed building and conservation controls is being circulated for comment.
650 _aCONSERVATION AREAS
650 _aECCLESIASTICAL EXEMPTION
650 _aHISTORIC CHURCHES
650 _aLISTED BUILDINGS
690 _aCONSERVATION
942 _n0
948 _c26/11/1997
999 _c51978
_d51978